Retinalis véna thrombosisok hirudin és pelentan kezelése különlenyomat /

Elmentve itt :
Bibliográfiai részletek
Szerző: Galli Lóránt
Dokumentumtípus: Cikk
Megjelent: 1963
Sorozat:Kolligátum
Kulcsszavak:Szemészet
Online Access:http://misc.bibl.u-szeged.hu/26696
LEADER 00570nab a2200169 i 4500
001 misc26696
005 20191108150039.0
008 170829s1963 hu o 0|| zxx d
040 |a SZTE Miscellanea Repozitórium  |b hun 
041 |a zxx 
100 1 |a Galli Lóránt 
245 1 0 |a Retinalis véna thrombosisok hirudin és pelentan kezelése   |h [elektronikus dokumentum] :  |b különlenyomat /  |c  Galli Lóránt 
260 |c 1963 
300 |a 161-169 
490 0 |a Kolligátum 
695 |a Szemészet 
856 4 0 |u http://misc.bibl.u-szeged.hu/26696/1/019_011_161-169.pdf  |z Dokumentum-elérés